| 000 | 00730nam a2200217Ia 4500 | ||
|---|---|---|---|
| 008 | 160319s9999 xx 000 0 und d | ||
| 050 | _aFil 760 | ||
| 050 | _bM278 1982 | ||
| 245 | _aManila portfolio / | ||
| 245 | _cedited and produced by Tourist Research and Planning. | ||
| 260 | _bTourist Research & Plannning | ||
| 260 | _c1982 | ||
| 300 | _a44 pages : | ||
| 300 | _bchiefly col. illustrations ; | ||
| 300 | _c21 cm. | ||
| 300 | _ehandbook | ||
| 500 | _aSuppl. has title : Manila handbook. c1978. ; With folded map and postcards. | ||
| 650 | _aManila -- Description and travel -- Guide-books. | ||
| 700 | _aManila handbook., added title. | ||
| 700 | _aTourist Research and Planning Ltd., corporate author. | ||
| 999 |
_c292352 _d292352 |
||